Southville International School and Colleges
Your cart is empty.
  • Cart
  • Lists
    Public lists Eva Luna New books Lux_list list_1
    Your lists Log in to create your own lists
  • Log in to your account
  • Your cookies
  • Search history
Southville International School and Colleges
  • Advanced search
  • Recent comments
  • Most popular
  • Libraries

Log in to your account

Log in with GOOGLE


If you do not have an external account, but do have a local account, you can still log in:

  1. Home
  2. MARC view: Human relations :
Normal view MARC view ISBD view

Human relations : (Record no. 16188)

[ view plain ]
MARC details
000 -LEADER
fixed length control field 00547nam a22001937a 4500
003 - CONTROL NUMBER IDENTIFIER
control field ISuru
005 - DATE AND TIME OF LATEST TRANSACTION
control field 20140310182812.0
008 - FIXED-LENGTH DATA ELEMENTS--GENERAL INFORMATION
fixed length control field 130222t xxu||||| |||| 00| 0 eng d
020 ## - INTERNATIONAL STANDARD BOOK NUMBER
International Standard Book Number 8125905294
050 ## - LIBRARY OF CONGRESS CALL NUMBER
Classification number HF 5549.5
Item number .Sa181 2000
100 ## - MAIN ENTRY--PERSONAL NAME
Personal name Saluja, Madan
245 ## - TITLE STATEMENT
Title Human relations :
Remainder of title a practical guide for improving inter-personal skills /
Statement of responsibility, etc Madan Saluja.
250 ## - EDITION STATEMENT
Edition statement 2nd ed.
260 ## - PUBLICATION, DISTRIBUTION, ETC. (IMPRINT)
Place of publication, distribution, etc (New Delhi) :
Name of publisher, distributor, etc Vikas,
Date of publication, distribution, etc 2000.
300 ## - PHYSICAL DESCRIPTION
Extent xx,182,[2] p. :
Other physical details ill. ;
Dimensions 22 cm.
521 ## - TARGET AUDIENCE NOTE
Target audience note
942 ## - ADDED ENTRY ELEMENTS (KOHA)
Source of classification or shelving scheme Library of Congress Classification
Koha item type Books
Call number prefix Foreign
Holdings
Withdrawn status Lost status Source of classification or shelving scheme Damaged status Home library Current library Shelving location Date acquired Total Checkouts Full call number Barcode Date last seen Copy number Price effective from Koha item type
    Library of Congress Classification   College Library College Library General Circulation Section 02/22/2013   HF 5549.5 .Sa181 2000 C0292 05/15/2018 1 03/10/2014 Books

Human relations :

APA

Saluja M., . (2000). Human relations. (New Delhi): Vikas.

Chicago

Saluja Madan, . 2000. Human relations. (New Delhi): Vikas.

Harvard

Saluja M., . (2000). Human relations. (New Delhi): Vikas.

MLA

Saluja Madan, . Human relations. (New Delhi): Vikas. 2000.

  • Place hold
  • Print
  • Cite
  • Add to your cart (remove)
  • Save record
    BIBTEX Dublin Core MARCXML MARC (non-Unicode/MARC-8) MARC (Unicode/UTF-8) MARC (Unicode/UTF-8, Standard) MODS (XML) RIS
  • More searches
    Search for this title in:
    Other Libraries (WorldCat) Other Databases (Google Scholar) Online Stores (Bookfinder.com) Open Library (openlibrary.org)

Exporting to Dublin Core...

SOUTHVILLE LIBRARY

Southville International School and Colleges Library

1281 Tropical Ave. Cor. Luxembourg St., BF Homes International, Las Pinas City

Tel. No. 8256374 / 252358 Loc. 117/146

Powered by Koha